Price trends. (Record no. 37266)

MARC details
000 -LEADER
fixed length control field 00776cam a22002411 4500
001 - CONTROL NUMBER
control field l 66000150
003 - CONTROL NUMBER IDENTIFIER
control field DLC
005 - DATE AND TIME OF LATEST TRANSACTION
control field 20260227111549.0
008 - FIXED-LENGTH DATA ELEMENTS--GENERAL INFORMATION
fixed length control field 801204s1966 dcua s f000 0 eng c
010 ## - LIBRARY OF CONGRESS CONTROL NUMBER
LC control number l 66000150
035 ## - SYSTEM CONTROL NUMBER
System control number (OCoLC)6999985
040 ## - CATALOGING SOURCE
Original cataloging agency U.S. Dept. of Labor. Library.
Transcribing agency NPotU
Modifying agency DLC
043 ## - GEOGRAPHIC AREA CODE
Geographic area code n-us---
050 00 - LIBRARY OF CONGRESS CALL NUMBER
Classification number HD8051
Item number .A62 no. 1510
050 00 - LIBRARY OF CONGRESS CALL NUMBER
Classification number HB235.U6
Item number A535 1966
082 ## - DEWEY DECIMAL CLASSIFICATION NUMBER
Classification number 338.520973
110 1# - MAIN ENTRY--CORPORATE NAME
Corporate name or jurisdiction name as entry element United States.
Subordinate unit Bureau of Labor Statistics.
245 10 - TITLE STATEMENT
Title Price trends.
260 ## - PUBLICATION, DISTRIBUTION, ETC.
Place of publication, distribution, etc. Washington,
Name of publisher, distributor, etc. For sale by the Superintendent of Documents, U.S. Govt. Print. Off,
Date of publication, distribution, etc. 1966.
300 ## - PHYSICAL DESCRIPTION
Extent v, 49 p.
Other physical details illus.
Dimensions 26 cm.
410 11 - SERIES STATEMENT/ADDED ENTRY--CORPORATE NAME [OBSOLETE, CAN/MARC], [LOCAL, USA]
Corporate name or jurisdiction name as entry element United States.
Subordinate unit Bureau of Labor Statistics.
Title of a work Bulletin,
Volume number/sequential designation no. 1510
650 #0 - SUBJECT ADDED ENTRY--TOPICAL TERM
Topical term or geographic name entry element Prices
Geographic subdivision United States.

No items available.

Powered by Koha